Simple Things make luv (Record no. 4482)

MARC details
000 -LEADER
fixed length control field 00313nam a2200133Ia 4500
008 - FIXED-LENGTH DATA ELEMENTS--GENERAL INFORMATION
fixed length control field 191201s2009 xx 000 0 und d
100 ## - MAIN ENTRY--PERSONAL NAME
Personal name THAKUR, Komal
245 #0 - TITLE STATEMENT
Title Simple Things make luv
250 ## - EDITION STATEMENT
Edition statement 2nd IMP
260 ## - PUBLICATION, DISTRIBUTION, ETC. (IMPRINT)
Place of publication, distribution, etc N. Delhi
Name of publisher, distributor, etc Srishti Publisher
Date of publication, distribution, etc 2009
300 ## - PHYSICAL DESCRIPTION
Extent 210
650 ## - SUBJECT ADDED ENTRY--TOPICAL TERM
Topical term or geographic name as entry element BBA
942 ## - ADDED ENTRY ELEMENTS (KOHA)
Source of classification or shelving scheme Dewey Decimal Classification
Koha item type Text Books
Holdings
Withdrawn status Lost status Source of classification or shelving scheme Damaged status Not for loan Collection code Home library Current library Date acquired Source of acquisition Cost, normal purchase price Bill Number Total Checkouts Full call number Acc. no. / Barcode Date last seen Date last borrowed Bill Date Koha item type Public note
    Dewey Decimal Classification     GENERAL PIET C-LIBRARY PIET C-LIBRARY 26/04/2010 J B C, New Delhi 100.00 SI-4915 2 823 THS 15205 23/05/2024 08/05/2024 11/03/2010 Text Books Stories and Novels
    Dewey Decimal Classification     GENERAL PIET C-LIBRARY PIET C-LIBRARY 26/04/2010 J B C, New Delhi 100.00 SI-4915 1 823 THS 15206 21/06/2021 27/05/2021 11/03/2010 Text Books Price Paid
    Dewey Decimal Classification     GENERAL PIET C-LIBRARY PIET C-LIBRARY 26/04/2010 J B C, New Delhi 100.00 SI-4915 1 823 THS 15207 23/02/2022 15/02/2022 11/03/2010 Text Books Stories and Novels
    Dewey Decimal Classification     GENERAL PIET C-LIBRARY PIET C-LIBRARY 26/04/2010 J B C, New Delhi 100.00 SI-4915 3 823 THS 15208 23/05/2023 16/05/2023 11/03/2010 Text Books  
    Dewey Decimal Classification     GENERAL PIET C-LIBRARY PIET C-LIBRARY 26/04/2010 J B C, New Delhi 100.00 SI-4915 1 823 THS 15209 27/04/2022 13/04/2022 11/03/2010 Text Books Stories and Novels
    Dewey Decimal Classification     GENERAL PIET C-LIBRARY PIET C-LIBRARY 26/04/2010 J B C, New Delhi 100.00 SI-4915 4 823 THS 15210 15/02/2023 31/01/2023 11/03/2010 Text Books Stories and Novels

Design & Developed by: PIET Central Library
R70 Miles Stone Pattikalyana Samalkha Panipat 132102
mail ID :- [email protected], Phone No:- 0180-2569700 Ex.216